Countries Rag'n'Bone Man has Visited - Statistics

General Stats
  • This quiz has been taken 10 times
    3 since last reset
  • The average score is 36 of 37
Answer Stats
Continent Country % Correct
Oceania Australia
100%
Europe Austria
100%
Europe Belgium
100%
North America Canada
100%
Europe Croatia
100%
Europe Czech Republic
100%
Europe Denmark
100%
Europe Estonia
100%
Europe Finland
100%
Europe France
100%
Europe Germany
100%
Europe Greece
100%
Europe Hungary
100%
Europe Ireland
100%
Europe Italy
100%
Asia Japan
100%
Europe Latvia
100%
Europe Lithuania
100%
Europe Luxembourg
100%
Europe Netherlands
100%
Oceania New Zealand
100%
Europe Norway
100%
Europe Poland
100%
Europe Portugal
100%
Europe Romania
100%
Asia/ Europe Russia
100%
Europe Serbia
100%
Europe Slovakia
100%
Europe Slovenia
100%
Europe Spain
100%
Europe Switzerland
100%
Europe Ukraine
100%
Asia United Arab Emirates
100%
Europe United Kingdom
100%
North America United States of America
100%
Europe Malta
50%
Africa Tunisia
0%
No matching quizzes found
Score Distribution
Percent of People with Each Score
Percentile by Number Answered
Your Score History
You have not taken this quiz since the last reset